The Office: All Episode Titles by Synonym - Statistics

General Stats
  • This quiz has been taken 34 times
  • The average score is 48 of 183
Answer Stats
Season Episode Synonym Real Title % Correct
1 1 Plane Flier Pilot
100%
2 5 October 31 Halloween
80%
1 5 Hoops Basketball
75%
1 6 Attractive Female Hot Girl
70%
2 4 The Burning The Fire
65%
2 16 February 14 Valentine's Day
65%
2 11 Alcohol Ship Booze Cruise
60%
3 1 Homosexual Sorceress Search Gay Witch Hunt
60%
1 2 Dissimilarity Time Diversity Day
55%
2 19 Mike's Born Anniversary Michael's Birthday
55%
2 22 Gambling Establishment Evening Casino Night
50%
2 10 December 24 Celebration Christmas Party
50%
2 17 Dwight's Talking Dwight's Speech
50%
1 3 Medical Mangement Health Care
50%
6 12 Michael's Kids Scott's Tots
50%
1 4 The Partnership The Alliance
50%
2 14 The Rug The Carpet
50%
4 16 You heard me stammer? Did I Stutter?
45%
7 22 Farewell, Mike Goodbye, Michael
45%
6 6 Mob Mafia
45%
5 23 Mike Scotch Stationary Organization Michael Scott Paper Company
45%
4 7 & 8 Currency Money
45%
2 3 Workplace Competition Office Olympics
45%
6 19 March 17 St. Patrick's Day
45%
2 6 The Argument The Fight
45%
5 1 & 2 Heaviness Deficit Weight Loss
45%
3 10 & 11 A Hibachi Restaurant December 24 A Benihana Christmas
40%
7 3 Andrew's Performance Andy's Play
40%
2 15 Males and Females Boys and Girls
40%
5 27 Coffeeshop Dance Club Cafe Disco
40%
4 13 Supper Celebration Dinner Party
40%
3 6 Festival of Lights Diwali
40%
5 22 Ideal Group Dream Team
40%
4 1 & 2 Amusing Race Fun Run
40%
4 18 Farewell, HR Loser Goodbye, Toby
40%
6 1 Rumors Gossip
40%
6 21 Gleeful 60 Minutes Happy Hour
40%
4 17 Employment Carnival Job Fair
40%
6 10 Kill Murder
40%
7 4 Reproduction Lessons Sex Ed
40%
2 2 Inappropriate Disturbances Sexual Harassment
40%
2 7 The Buyer The Client
40%
3 9 The Criminal The Convict
40%
2 12 The Wound The Injury
40%
3 24 & 25 The Profession The Job
40%
7 17 Danger Rank 12:00am Threat Level Midnight
40%
7 18 Todd Filler Todd Packer
40%
5 21 Fortnight Two Weeks
40%
3 12 Return from Holiday Back from Vacation
35%
5 26 Low-key End of the Week Casual Friday
35%
4 3 & 4 Dunder Mifflin Endlessness Dunder Mifflin Infinity
35%
6 8 Japanese Carp Puddle Koi Pond
35%
5 11 Northwest African December 24 Moroccan Christmas
35%
8 9 Mrs. Golden State Mrs. California
35%
7 1 Familial Favoritism Nepotism
35%
5 20 Recent Manager New Boss
35%
3 3 The Overthrow The Coup
35%
6 2 The Gathering The Meeting
35%
2 13 The Undisclosed The Secret
35%
3 22 Females' Thankfulness Women's Appreciation
35%
5 18 Hemoglobin Campaign Blood Drive
30%
7 11 & 12 Elegant December 24 Classy Christmas
30%
5 28 Organization Outdoor Event Company Picnic
30%
7 2 Therapy Counseling
30%
7 24 Dwight K. Schrute, (Pretending) Boss Dwight K. Schrute, (Acting) Manager
30%
4 9 Regional Commercial Local Ad
30%
7 16 Visibly Hooking Up PDA
30%
3 16 Phyllis' Marriage Phyllis' Wedding
30%
7 23 The Middle Sphere The Inner Circle
30%
3 8 The Consolidation The Merger
30%
3 14 The Coming Back The Return
30%
6 26 Tattletale Whistleblower
30%
3 23 Waterfront Entertainment Beach Games
25%
3 15 American colonial icon Ben Franklin
25%
3 7 Department Conclusion Branch Closing
25%
5 25 Bankrupt Broke
25%
7 7 Baptism Christening
25%
8 10 December 24 Hopes Christmas Wishes
25%
3 18 Mixed Drinks Cocktails
25%
2 21 Battle Solution Conflict Resolution
25%
7 6 Disguise Competition Costume Contest
25%
2 20 Prescription Trials Drug Testing
25%
2 9 Online Messaging Spying Email Surveillance
25%
9 24 End Finale
25%
3 4 Bereavement Therapy Grief Counseling
25%
5 24 Weighty Rivalry Heavy Competition
25%
6 20 Fresh Hints New Leads
25%
6 4 & 5 Buffalo/Toronto Border Niagara
25%
4 15 Twilight Away Night Out
25%
2 8 Work Analysis Performance Review
25%
3 21 Merchandise Takeback Product Recall
25%
2 18 Bring Your Kid to the Office Time Take Your Daughter to Work Day
25%
8 15 Capital of Florida Tallahassee
25%
6 14 The Financier The Banker
25%
2 1 The Office Awards The Dundees
25%
7 15 The Hunt The Search
25%
9 22 & 23 Helper to the helper to the boss A.A.R.M.
20%
8 21 Mad Andrew Angry Andy
20%
5 4 Infant Precipitation Baby Shower
20%
3 17 Work Education Business School
20%
4 14 Recliner Poser Chair Model
20%
5 9 Blame HR Loser Frame Toby
20%
8 4 Flower Field Festival Garden Party
20%
8 19 Acquire the Female Get the Girl
20%
4 5 & 6 Dispatch Celebration Launch Party
20%
9 20 Stationary Aircraft Paper Airplane
20%
9 2 Roy's Marriage Roy's Wedding
20%
3 20 Protection Coaching Safety Training
20%
6 22 Clerk Time Secretary's Day
20%
4 12 The Legal Attestation The Deposition
20%
5 12 The Shootout The Duel
20%
3 13 Moving Vendor Traveling Salesman
20%
8 16 Following 60 Minutes After Hours
15%
4 10 Department Fighting Branch Wars
15%
7 10 Sino-country China
15%
6 9 Dual Rendezvous Double Date
15%
9 9 Dwight December 24 Dwight Christmas
15%
8 24 Complimentary Clan Picture Salon Free Family Portrait Studio
15%
8 22 Charity Event Fundraiser
15%
7 19 Storage Room Vending Garage Sale
15%
8 8 Turning point of the Civil War Gettysburg
15%
8 18 Final Time in the Sunshine State Last Day in Florida
15%
5 16 & 17 Speech Loop Lecture Circuit
15%
7 21 Mike's Final Awards Michael's Last Dundees
15%
9 1 Fresh Men New Guys
15%
8 7 Pamela's Reinstatement Pam's Replacement
15%
8 12 Puddle Festival Pool Party
15%
5 13 Nobleman Clan Stationary Prince Family Paper
15%
7 25 & 26 Seeking Panel Search Committee
15%
6 13 Sneaky Saint Nick Secret Santa
15%
6 11 Investor Gathering Shareholder Meeting
15%
9 19 Stepsmageddon Stairmageddon
15%
5 14 & 15 Pressure Discharge Stress Relief
15%
4 11 Enduring Male Survivor Man
15%
3 2 The Delegation The Convention
15%
6 17 & 18 The Dispatch The Delivery
15%
9 17 The Land for Agriculture The Farm
15%
8 1 The Tabulation The List
15%
6 7 The Companion The Lover
15%
6 16 The Boss and the Seller The Manager and the Salesman
15%
6 3 The Elevation The Promotion
15%
7 14 The Discussion The Seminar
15%
7 13 Final Offer Ultimatum
15%
7 8 Watching Festival Viewing Party
15%
9 3 Andrew's Family History Andy's Ancestry
10%
6 23 Physique Communication Body Language
10%
5 3 Profession Morality Business Ethics
10%
5 8 Profession Expedition Business Trip
10%
9 12 Buyer Faithfulness Customer Loyalty
10%
5 7 Buyer Critiques Customer Survey
10%
8 6 Judgement Day Doomsday
10%
5 19 Gilded Authorization Golden Ticket
10%
3 5 Commencement Initiation
10%
8 13 Judge Job Jury Duty
10%
9 10 Vermin Lice
10%
8 3 Game of Chance Lotto
10%
9 11 Tuxedo Storage Place Suit Warehouse
10%
8 17 Try the Business Test the Store
10%
9 6 The Ship The Boat
10%
6 25 The Cuckhold The Chump
10%
3 19 The Bargaining The Negotiation
10%
5 10 The Extra The Surplus
10%
9 8 The Aim The Target
10%
9 7 The Cetacean mammal The Whale
10%
8 23 Grounds Battle Turf War
10%
9 14 Destruction Vandalism
10%
8 20 Greeting Festival Welcome Party
10%
9 4 Labor Transport Vehicle Work Bus
10%
9 15 Pair's Deal Couple's Discount
5%
5 5 Misconduct Assistance Crime Aid
5%
5 6 Worker Assignment Change Employee Transfer
5%
9 5 Music Is On Its Way Here Comes Treble
5%
9 13 Young Seller Junior Salesman
5%
9 21 Alive in the Ideal Livin' the Dream
5%
9 16 Continuing Moving On
5%
9 18 Ads Promos
5%
8 14 Distinctive Activity Special Project
5%
8 5 Scared Spooked
5%
6 24 The Disguisement The Cover-Up
5%
7 5 The Prick The Sting
5%
7 20 Preparation Time Training Day
5%
8 11 Facts Trivia
5%
8 2 The Lure The Incentive
0%
No matching quizzes found
Score Distribution
Percent of People with Each Score
Percentile by Number Answered
Your Score History
You have not taken this quiz